Представление документа в формате MARC21

Поле Инд. ПП Название Значение
Тип записи a
Библиографический уровень a
001 Контрольный номер RU/IS/BASE/117881802
005 Дата корректировки 20240125093851.4
084 a Индекс другой классификации/Индекс ББК 81.067; 81.47-67
090 00 a Полочн. индекс 81я43
x Авторский знак П 781
100 10 a Автор Удлер Р. Я.
245 00 a Заглавие Принципы составления, задачи и особенности региональных лингвистических атласов
650 04 a Основная рубрика филологические науки; языкознание
653 00 a Ключевые слова Молдавский лингвистический атлас
a Ключевые слова лингвистический атлас
a Ключевые слова восточнороманские говоры
a Ключевые слова диалектология
a Ключевые слова зональный лингвистический атлас
a Ключевые слова лингвистическая география
a Ключевые слова методы лингвистического картографирования
a Ключевые слова общее
a Ключевые слова региональный лингвистический атлас
a Ключевые слова романские языки
a Ключевые слова теория лингвистического картографирования
a Ключевые слова частное языкознание
773 00 d Дата издания источника Москва, 1967
g Прочая информация С. 147-151
t Заглавие источника Проблемы языкознания
w Контрольный № источника RU/IS/BASE/102085341
901 t Тип документа a